| 000 | 00902nac a22002777a 4500 | ||
|---|---|---|---|
| 001 | BR7304957 | ||
| 003 | BR-BrBNA | ||
| 005 | 20240105113528.0 | ||
| 008 | 230509b bl.|||m| |||| 00| 0 por d | ||
| 040 |
_aBR-BrBNA _bpor _cBiblioteca Nacional de Agricultura |
||
| 072 | _aH10 | ||
| 090 | _a0230 BR7304957 | ||
| 100 | 1 | _aRibemboim, J.A. | |
| 110 | 1 |
_aComissao de Combate a Cigarrinha no Estado de Pernambuco, Recife (Brasil) _91967 |
|
| 245 | 1 | _aBHC no combate a cigarrinha [Cana de acucar; Brasil] | |
| 260 | 3 |
_aRecife, PE (Brasil): _c1971. |
|
| 300 | _a27 p. | ||
| 490 |
_aPublicacao - Comissao de Combate a Cigarrinha no Estado de Pernambuco (Brazil) _vno. 4 _x |
||
| 500 | _a7 ref.; Summary (En) | ||
| 650 | _aCANA DE ACUCAR | ||
| 650 | _aCIGARRINHA | ||
| 650 | _aINSETICIDA | ||
| 650 | _aCONTROLE QUIMICO | ||
| 909 |
_a202312 _bLúcia Elande _c55 _dLúcia Elande |
||
| 942 |
_2AGRIS _n0 _cMS |
||
| 999 |
_c264254 _d264254 |
||